Itämeren laivat - Statistics

Yleistilastot
  • Tätä visaa on pelattu 47 kertaa
  • Keskiarvotulos 10 / 16
Vastaustilastot
Hint Vastaus % Oikein
Helsinki-Tukholma Silja Serenade
84%
Helsinki-Tukholma Silja Symphony
84%
Turku-Tukholma Viking Grace
81%
Turku-Tukholma Baltic Princess
74%
Helsinki-Tallinna Megastar
74%
Helsinki- Tallinna Finlandia
65%
Helsinki-Tallinna MyStar
65%
Turku-Tukholma Viking Glory
65%
Helsinki-Tukholma Gabriella
61%
Helsinki-Tallinna Viking Xprs
58%
Tallinna-Tukholma Baltic Queen
52%
Helsinki-Tallinna Victoria 1
52%
Helsinki-Tukholma Viking Cinderella
48%
Naantali-Kapellskär Finnsirius
45%
Helsinki-Tallinna Finbo Cargo
32%
Naantali-Kapellskär Finncanopus
32%
Ehtoja vastaavia visoja ei löytynyt
Tulosjakauma
Jokaisen tuloksen saaneiden osuus
Persentiili vastausten määrän mukaan
Tuloshistoriasi
Et ole pelannut tätä visaa